[Event "Campeonato de España Individual"]
[Site "Cala Major-Palma de Mallorca"]
[Date "2009.09.28"]
[Round "3.41"]
[White "Fernandez Calzada, Juan A"]
[Black "Planas Gene, Juan"]
[Result "0-1"]
[WhiteElo "1895"]
[BlackElo "2130"]
[PlyCount "114"]
[EventDate "2009.09.26"]

1. e4 e5 2. f4 exf4 3. Nf3 d5 4. exd5 Nf6 5. d4 Nxd5 6. Bc4 Bg4 7. O-O Be7 8.
Qd3 Nc6 9. c3 O-O 10. Qe4 Be6 11. Bd3 g6 12. Bc4 Nxc3 13. Nxc3 Bxc4 14. Rd1 Re8
15. Qxf4 Bd6 16. Qh6 Bf8 17. Qf4 Qd6 18. Qh4 Bg7 19. Bh6 Ne7 20. Ne4 Qb6 $11
21. Bxg7 Kxg7 22. Nfg5 h6 23. Nf3 Be2 24. Rd2 Bxf3 25. gxf3 Nf5 26. Qf2 Rad8
27. Rad1 Rd5 28. Nc3 Rd7 29. Na4 Qc6 30. b3 Rd5 31. Nc5 Ne3 32. Rc1 Rg5+ 33.
Kh1 Rg2 34. Qxg2 Nxg2 35. Kxg2 Qf6 36. Rcd1 Qg5+ 37. Kf1 Qh4 38. Ne4 Qh3+ 39.
Rg2 Qxf3+ 40. Nf2 Re3 41. Rc1 Re2 42. Kg1 Qe3 43. Rf1 Rxa2 44. Rg3 Qxd4 45. Rf3
c5 46. Kg2 h5 47. h3 b5 48. Kg3 Ra1 49. Rxa1 Qxa1 50. Nd3 Qg1+ 51. Kf4 Qd4+ 52.
Kg3 c4 53. bxc4 bxc4 54. Nf2 c3 55. Rf4 Qe3+ 56. Rf3 Qg5+ 57. Kh2 c2 0-1

[Event "Campeonato de España Individual"]
[Site "Cala Major-Palma de Mallorca"]
[Date "2009.09.28"]
[Round "3.42"]
[White "Zhou, Tai Long"]
[Black "Ferreiro Pailos, Alejandro"]
[Result "0-1"]
[WhiteElo "1818"]
[BlackElo "2125"]
[PlyCount "64"]
[EventDate "2009.09.26"]

1. e4 c5 2. c3 d5 3. exd5 Qxd5 4. d4 cxd4 5. Qxd4 Qe6+ 6. Qe3 Qd7 7. Nf3 Nf6 8.
Bc4 e6 9. O-O Bd6 10. Qg5 O-O 11. Re1 Qc7 12. Nbd2 Nbd7 13. Bd3 Re8 14. Ne4
Nxe4 15. Rxe4 Nf6 16. Rh4 e5 17. Bxh7+ Nxh7 18. Qh5 Kf8 19. Qxh7 f6 20. Qg6 Be6
$11 21. Rh8+ Bg8 22. Bh6 Qf7 23. Qf5 gxh6 24. Rxh6 Re6 25. g4 Kg7 26. g5 fxg5
27. Qxg5+ Rg6 28. Rxg6+ Qxg6 29. Qxg6+ Kxg6 30. Rd1 Rd8 31. Nxe5+ Kf5 32. Nf3
Bxh2+ 0-1

[Event "Campeonato de España Individual"]
[Site "Cala Major-Palma de Mallorca"]
[Date "2009.09.28"]
[Round "3.44"]
[White "Milian Calatayud, Jose Luis"]
[Black "Castell Cantero, Salvador"]
[Result "1/2-1/2"]
[WhiteElo "1718"]
[BlackElo "1977"]
[PlyCount "138"]
[EventDate "2009.09.26"]

1. e4 d6 2. Nf3 Nf6 3. Nc3 g6 4. d4 Bg7 5. Be2 c5 6. dxc5 Qa5 7. cxd6 Nxe4 8.
O-O Nxc3 9. bxc3 Bxc3 10. Bd2 Bxd2 11. Nxd2 O-O 12. dxe7 Re8 13. Nc4 Qc7 14.
Qd6 Rxe7 15. Qxc7 Rxc7 16. Bd3 Be6 17. Nd6 Nd7 18. Rab1 Nc5 19. Bc4 b6 20. Nb5
Rc6 21. Nd4 Rd6 22. Nxe6 Nxe6 23. Rfe1 Rc8 24. Bb3 Rc7 25. Rbd1 Rdc6 26. g3 Nc5
27. Rd8+ Kg7 28. Bd5 Rf6 29. Ree8 Rf5 30. g4 Rg5 31. f3 Nd7 32. Bb3 Nf6 33. Rh8
Rgc5 34. Kg2 g5 35. Kg3 a5 36. a4 Re7 37. h4 h6 38. hxg5 Rxg5 39. Rb8 Nh5+ 40.
Kh4 Nf6 41. Rhc8 Re3 42. Rb7 Nd5 43. f4 Rxb3 44. fxg5 hxg5+ 45. Kxg5 Rb4 46. c4
Nc3 47. Rcc7 Ne4+ 48. Kh5 Nd6 49. Ra7 Rb2 50. Kh4 Rf2 51. Ra6 Ne4 52. g5 Rf4+
53. Kh3 Nxg5+ 54. Kg3 Rf6 55. Rb7 Ne4+ 56. Kg2 Nc5 57. Raxb6 Nxb7 58. Rxb7 Rc6
59. Rb5 Rxc4 60. Rxa5 Kg6 61. Ra8 Kf5 62. a5 f6 63. a6 Ra4 64. a7 Ra3 65. Kf2
Kf4 66. Ke2 f5 67. Kd2 Kf3 68. Kc2 f4 69. Kb2 Ra6 1/2-1/2

[Event "Campeonato de España Individual"]
[Site "Cala Major-Palma de Mallorca"]
[Date "2009.09.28"]
[Round "3.46"]
[White "Ruiz Viñals, Matias"]
[Black "Lewandowski, Richard"]
[Result "1-0"]
[WhiteElo "2101"]
[BlackElo "1685"]
[PlyCount "70"]
[EventDate "2009.09.26"]

1. d4 d5 2. c4 Nf6 3. cxd5 Nxd5 4. e4 Nb6 5. Nf3 N8d7 6. Nc3 e6 7. Bf4 a6 8.
Bd3 Be7 9. O-O Nf6 10. Rc1 c6 11. Bb1 g6 12. Bh6 Ng8 13. Be3 Bd7 14. Qb3 Rc8
15. Rfe1 Nf6 16. a4 a5 17. Ng5 h6 18. Nf3 Ng4 19. Bf4 Bg5 20. Bxg5 hxg5 21. Qc2
Qc7 22. h3 Nf6 23. Nxg5 Nh5 24. e5 Qd8 25. Nce4 Kf8 26. Qd2 Nd5 27. Nd6 Nhf4
28. Ndxf7 Qe7 29. Nxh8 Qxg5 30. Nxg6+ Kg7 31. Nxf4 Nxf4 32. g3 Nxh3+ 33. Kg2
Qh5 34. Rh1 Rh8 35. Qd1 Nf4+ 1-0

[Event "Campeonato de España Individual"]
[Site "Cala Major-Palma de Mallorca"]
[Date "2009.09.28"]
[Round "3.47"]
[White "Sanchez Garcia, Julio"]
[Black "Juan Mas, Santiago"]
[Result "0-1"]
[WhiteElo "1747"]
[BlackElo "2098"]
[PlyCount "76"]
[EventDate "2009.09.26"]

1. d4 Nf6 2. Nf3 b6 3. Bf4 Bb7 4. e3 d6 5. Be2 g6 6. O-O Bg7 7. c4 O-O 8. Nc3
Nbd7 9. Qc2 Re8 10. Rad1 Qc8 11. d5 c6 12. e4 cxd5 13. exd5 b5 14. Nxb5 Nxd5
15. Bg3 a6 16. Nbd4 N5f6 17. Nd2 d5 18. Qb3 e5 19. Nc2 d4 20. Rc1 Nc5 21. Qa3
d3 22. Bxd3 Rd8 23. Nb3 Nxd3 24. Rcd1 Nf4 25. Bxf4 exf4 26. Nc5 Qc6 27. Nxb7
Qxb7 28. b4 Qe4 29. Qb3 f3 30. gxf3 Qf4 31. Ne3 Qxf3 32. c5 Rxd1 33. Qxd1 Qf4
34. Qa4 Ng4 35. Nxg4 Qxg4+ 36. Kh1 Qh3 37. Re1 Be5 38. Rxe5 Qf1# 0-1

[Event "Campeonato de España Individual"]
[Site "Cala Major-Palma de Mallorca"]
[Date "2009.09.28"]
[Round "3.48"]
[White "Redondo Pomar, Antonio"]
[Black "Masso Catala, Joan"]
[Result "1/2-1/2"]
[WhiteElo "1955"]
[BlackElo "1529"]
[PlyCount "67"]
[EventDate "2009.09.26"]

1. d4 Nf6 2. c4 c5 3. d5 b5 4. cxb5 a6 5. Nc3 axb5 6. e4 d6 7. Bxb5+ Bd7 8.
Bxd7+ Nbxd7 9. Qe2 g6 10. f4 Nb6 11. Nf3 Bg7 12. O-O O-O 13. Bd2 Qd7 14. Nh4
Qg4 15. Qf2 Na4 16. h3 Qd7 17. Qf3 Nxb2 18. Qe2 Nh5 19. Kh2 Na4 20. Rac1 e6 21.
e5 dxe5 22. fxe5 Nxc3 23. Bxc3 Bh6 24. d6 Bxc1 25. Rxc1 Ra4 26. Nf3 Rfa8 27.
Rc2 Nf4 28. Qf2 Nd5 29. Ng5 Nxc3 30. Rxc3 Rxa2 31. Qh4 h5 32. Ne4 R2a4 33. Nf6+
Kh8 34. Qg5 1/2-1/2

[Event "Campeonato de España Individual"]
[Site "Cala Major-Palma de Mallorca"]
[Date "2009.09.28"]
[Round "3.51"]
[White "Castell Cantero, Jose Juan"]
[Black "Aguilo Pons, Francesc"]
[Result "0-1"]
[WhiteElo "1577"]
[BlackElo "1899"]
[PlyCount "64"]
[EventDate "2009.09.26"]

1. e4 c5 2. Nf3 d6 3. d4 cxd4 4. Nxd4 Nf6 5. Nc3 g6 6. Be3 Bg7 7. Be2 O-O 8.
O-O Nc6 9. f3 Bd7 10. Qd2 a6 11. Bh6 Nxd4 12. Bxg7 Nxe2+ 13. Qxe2 Kxg7 14. Qe3
Rc8 15. Rac1 Qc7 16. Kh1 Qc5 17. Qd2 b5 18. g4 b4 19. Nd1 Bb5 20. Rg1 Qc4 21.
Re1 Qc5 22. Ne3 Bc6 23. h4 Nd7 24. h5 Ne5 25. Nf5+ gxf5 26. h6+ Kh8 27. Qg5 Ng6
28. gxf5 Rg8 29. Rg1 f6 30. Qh5 Qe5 31. Rg4 Nf4 32. Qf7 Rxg4 0-1

[Event "Campeonato de España Individual"]
[Site "Cala Major-Palma de Mallorca"]
[Date "2009.09.29"]
[Round "4.2"]
[White "De La Villa Garcia, Jesus Maria"]
[Black "Del Rio de Angelis, Salvador Gabriel"]
[Result "1/2-1/2"]
[WhiteElo "2481"]
[BlackElo "2559"]
[PlyCount "74"]
[EventDate "2009.09.26"]

1. e4 c5 2. Nf3 d6 3. d4 cxd4 4. Nxd4 Nf6 5. Nc3 a6 6. Be3 e6 7. Qd2 b5 8. f3
Nbd7 9. O-O-O Bb7 10. Kb1 Rc8 11. Bd3 Be7 12. Rhe1 O-O 13. g4 Nc5 14. g5 Nfd7
15. h4 b4 16. Nce2 d5 17. exd5 Bxd5 18. h5 Nxd3 19. cxd3 b3 20. Nxb3 Ne5 21.
Nbd4 Nxf3 22. Nxf3 Bxf3 23. h6 g6 24. Rc1 Bxe2 25. Rxe2 Qd5 26. Ree1 f6 27.
gxf6 Bxf6 28. Rxc8 Rxc8 29. Qe2 Rd8 30. Bc1 Kf7 31. Rf1 Ke7 32. Rf3 g5 33. Qf2
Qd4 34. Bxg5 Bxg5 35. Rf7+ Ke8 36. Rf8+ Ke7 37. Rf7+ Ke8 1/2-1/2

[Event "Campeonato de España Individual"]
[Site "Cala Major-Palma de Mallorca"]
[Date "2009.09.29"]
[Round "4.3"]
[White "Garza Marco, Sergio"]
[Black "Cabrera Pino, Alexis"]
[Result "1-0"]
[WhiteElo "2477"]
[BlackElo "2529"]
[PlyCount "103"]
[EventDate "2009.09.26"]

1. d4 Nf6 2. c4 g6 3. Nc3 d5 4. cxd5 Nxd5 5. e4 Nxc3 6. bxc3 Bg7 7. Bc4 c5 8.
Ne2 Nc6 9. Be3 O-O 10. O-O Na5 11. Bd3 b6 12. Rc1 e5 13. d5 f5 14. f3 c4 15.
Bc2 f4 16. Bf2 Rf7 17. Rb1 Bf8 18. Ba4 Qc7 19. Kh1 Bd6 20. Ng1 Bb7 21. g4 g5
22. Nh3 h6 23. Rg1 Rh7 24. Rg2 Kf7 25. Kg1 Kf6 26. Kf1 h5 27. gxh5 Rxh5 28.
Nxg5 Rxg5 29. Bh4 Rag8 30. Rbb2 Qh7 31. Qe1 Qh5 32. Rxg5 Rxg5 33. Rg2 Qxf3+ 34.
Qf2 Qxe4 35. Bc2 Qxd5 36. Rxg5 Kf7 37. Qg1 Qf3+ 38. Bf2 Qh3+ 39. Ke2 Qf3+ 40.
Kd2 Qd5+ 41. Ke1 Qh1 42. Rg7+ Ke6 43. Qxh1 Bxh1 44. h4 e4 45. Rg6+ Kd5 46. h5
e3 47. h6 exf2+ 48. Kxf2 Bc5+ 49. Kf1 f3 50. h7 Bg2+ 51. Rxg2 fxg2+ 52. Kxg2
1-0

[Event "Campeonato de España Individual"]
[Site "Cala Major-Palma de Mallorca"]
[Date "2009.09.29"]
[Round "4.4"]
[White "Mascaro March, Pedro"]
[Black "Illescas Cordoba, Miguel"]
[Result "0-1"]
[WhiteElo "2369"]
[BlackElo "2591"]
[PlyCount "92"]
[EventDate "2009.09.26"]

1. d4 Nf6 2. c4 e6 3. Nc3 Bb4 4. Qc2 Nc6 5. Nf3 d6 6. a3 Bxc3+ 7. Qxc3 Qe7 8.
e3 e5 9. d5 Nb8 10. Be2 O-O 11. Qc2 c6 12. e4 cxd5 13. cxd5 Bg4 14. O-O Rc8 15.
Qd3 Nbd7 16. b4 Nb6 17. Bg5 h6 18. Bxf6 Qxf6 19. Rfc1 Bxf3 20. Qxf3 Qg5 21. Qe3
Qxe3 22. fxe3 g6 23. Bg4 Rc4 24. Rxc4 Nxc4 25. Be2 Nd2 26. Bd3 Rc8 27. Ra2 Rc1+
28. Kf2 Nc4 29. Ke2 Kg7 30. Bxc4 Rxc4 31. Kd3 Rc1 32. Rc2 Ra1 33. Rc7 Rxa3+ 34.
Kc4 b6 35. Kb5 Rxe3 36. Kc6 Rxe4 37. Kxd6 Rxb4 38. Kxe5 a5 39. d6 Rb5+ 40. Kd4
Kf6 41. Re7 Rb2 42. Kd5 a4 43. Re4 a3 44. Rf4+ Kg7 45. Ra4 Rb5+ 46. Kc6 Ra5 0-1

[Event "Campeonato de España Individual"]
[Site "Cala Major-Palma de Mallorca"]
[Date "2009.09.29"]
[Round "4.6"]
[White "Arizmendi Martinez, Julen Luis"]
[Black "Bellon Lopez, Juan Manuel"]
[Result "1/2-1/2"]
[WhiteElo "2532"]
[BlackElo "2430"]
[PlyCount "63"]
[EventDate "2009.09.26"]

1. Nf3 d5 2. d4 c6 3. c4 e6 4. Qc2 Nf6 5. e3 Nbd7 6. Nc3 a6 7. a4 Bd6 8. Be2
O-O 9. O-O dxc4 10. Bxc4 c5 11. dxc5 Bxc5 12. e4 Qc7 13. Qe2 Ng4 14. h3 Nge5
15. Nxe5 Nxe5 16. Ba2 Nc6 17. Be3 Bxe3 18. Qxe3 Rd8 19. f4 Nb4 20. Rad1 Rxd1
21. Rxd1 Nxa2 22. Nxa2 Bd7 23. Nc3 Bc6 24. Qd4 h6 25. e5 a5 26. Qc5 Rc8 27. Rd6
Kh7 28. Kh2 h5 29. Qd4 Kg8 30. Qc5 Kh7 31. Qd4 Kg8 32. Qc5 1/2-1/2

[Event "Campeonato de España Individual"]
[Site "Cala Major-Palma de Mallorca"]
[Date "2009.09.29"]
[Round "4.7"]
[White "Alonso Rosell, Alvar"]
[Black "Hernandez Gallardo, Fco Javier"]
[Result "1/2-1/2"]
[WhiteElo "2487"]
[BlackElo "2360"]
[PlyCount "86"]
[EventDate "2009.09.26"]

1. d4 Nf6 2. c4 e6 3. Nc3 Bb4 4. Qc2 O-O 5. a3 Bxc3+ 6. Qxc3 b6 7. Bg5 Bb7 8.
e3 d6 9. Ne2 Nbd7 10. Qc2 c5 11. Rd1 Qc7 12. Nc3 cxd4 13. Rxd4 a6 14. f3 d5 15.
cxd5 Bxd5 16. Be2 h6 17. Bh4 e5 18. Rd1 Be6 19. Qb1 b5 20. O-O Qb7 21. f4 Qb6
22. Bf2 Rac8 23. Rd2 Qb8 24. Bg3 Qb6 25. Bf2 Qb8 26. fxe5 Nxe5 27. Bg3 Qb6 28.
Kh1 Nc4 29. Bxc4 Bxc4 30. Rf3 Rcd8 31. Rxd8 Rxd8 32. Be5 Bd3 33. Qe1 Ne4 34.
Bd4 Qc7 35. Qh4 Nxc3 36. bxc3 Bg6 37. h3 Re8 38. Qg4 Re4 39. Rf4 Rxf4 40. exf4
Qc4 41. Kh2 Qe6 42. Qh4 Be4 43. Qg3 Qg6 1/2-1/2

[Event "Campeonato de España Individual"]
[Site "Cala Major-Palma de Mallorca"]
[Date "2009.09.29"]
[Round "4.8"]
[White "Garcia-Ortega Mendez, Jose M"]
[Black "Almagro Llamas, Pablo"]
[Result "1/2-1/2"]
[WhiteElo "2277"]
[BlackElo "2470"]
[PlyCount "200"]
[EventDate "2009.09.26"]

1. d4 d5 2. c4 c6 3. Nc3 Nf6 4. e3 a6 5. Qc2 g6 6. Bd3 Bg7 7. Nf3 O-O 8. O-O
Nbd7 9. b3 Re8 10. Bb2 e5 11. cxd5 cxd5 12. dxe5 Nxe5 13. Nxe5 Rxe5 14. Rfd1
Qa5 15. Na4 Re8 16. Bd4 Nh5 17. Be2 Bxd4 18. Rxd4 Nf6 19. b4 Qd8 20. Bf3 Be6
21. Rad1 Rc8 22. Qb2 Qc7 23. Nc5 Qe7 24. Rf4 Ne4 25. Bxe4 dxe4 26. Nxe4 Red8
27. Rxd8+ Rxd8 28. h4 f5 29. Ng5 Bd5 30. Rd4 h6 31. Nh3 Bf7 32. a3 Rxd4 33.
Qxd4 Qc7 34. a4 Qc1+ 35. Kh2 Qc7+ 36. f4 Qe7 37. Kg3 Be8 38. a5 Bc6 39. Nf2 g5
40. hxg5 hxg5 41. Nh3 gxf4+ 42. Nxf4 Qg5+ 43. Kf2 Qh4+ 44. Kg1 Qe1+ 45. Kh2
Qh4+ 46. Nh3 Qxd4 47. exd4 Kf7 48. Nf4 Ke7 49. d5 Bb5 50. Kg3 Kd6 51. Kh4 Ke5
52. Kg5 Bd7 53. g3 Kd4 54. Kf6 Kc4 55. Ke7 Ba4 56. d6 Kxb4 57. Nd3+ Kxa5 58.
Nc5 Bb5 59. Nxb7+ Kb6 60. Nd8 a5 61. Ne6 a4 62. Nd4 a3 63. Nxb5 Kxb5 64. d7 a2
65. d8=Q a1=Q 66. Qb8+ Kc4 67. Ke6 Kd3 68. Kxf5 Qg7 69. Qd8+ Ke2 70. g4 Qh7+
71. Kf4 Qh2+ 72. Kg5 Qe5+ 73. Kg6 Qe4+ 74. Kh5 Qh7+ 75. Kg5 Qg7+ 76. Kf5 Qh7+
77. Ke5 Qg7+ 78. Kf4 Qf7+ 79. Kg3 Qf2+ 80. Kh3 Qf1+ 81. Kh4 Qf2+ 82. Kg5 Qe3+
83. Kh5 Qe4 84. Qd7 Qh1+ 85. Kg6 Qe4+ 86. Qf5 Qc6+ 87. Qf6 Qe4+ 88. Kg5 Qe3+
89. Kh5 Qh3+ 90. Qh4 Qf3 91. Qh2+ Kf1 92. Qe5 Kg2 93. Qf5 Qd1 94. Kg6 Qd6+ 95.
Qf6 Qd3+ 96. Qf5 Qd6+ 97. Kh5 Qh2+ 98. Kg5 Qd6 99. Qe4+ Kg3 100. Qe3+ Kg2
1/2-1/2

[Event "Campeonato de España Individual"]
[Site "Cala Major-Palma de Mallorca"]
[Date "2009.09.29"]
[Round "4.9"]
[White "Aloma Vidal, Robert"]
[Black "Alvarez Fernandez, Enrique"]
[Result "1-0"]
[WhiteElo "2462"]
[BlackElo "2340"]
[PlyCount "167"]
[EventDate "2009.09.26"]

1. d4 d5 2. c4 c6 3. Nf3 Nf6 4. Nc3 a6 5. g3 b5 6. cxd5 cxd5 7. Bg2 e6 8. Ne5
Bb7 9. Bf4 Nc6 10. Nxc6 Bxc6 11. O-O Bd6 12. a4 Bxf4 13. gxf4 bxa4 14. Nxa4
Bxa4 15. Qxa4+ Qd7 16. Qb4 Qe7 17. Qa4+ Qd7 18. e3 Qxa4 19. Rxa4 Kd7 20. Rfa1
Rhb8 21. b4 Rb6 22. Bf1 Rab8 23. Rb1 Ne4 24. Rb2 Nc3 25. Rxa6 Rxb4 26. Ra7+ Ke8
27. Rc2 Ne4 28. Rcc7 Nd6 29. Re7+ Kf8 30. Red7 R4b7 31. Raxb7 Nxb7 32. f5 exf5
33. Bg2 Nd8 34. Bxd5 Ke8 35. Rc7 Rb6 36. Kg2 Rd6 37. Bc4 f4 38. d5 fxe3 39.
fxe3 Kf8 40. Kf3 f6 41. Ke4 Nf7 42. Kd4 Ne5 43. Bb5 Rd8 44. h3 Nf7 45. Bd7 h5
46. Kc5 Ne5 47. Be6 Nd3+ 48. Kb6 Rb8+ 49. Ka7 Rd8 50. Rf7+ Ke8 51. Rxg7 Nb4 52.
e4 Rd6 53. Kb7 Nd3 54. Kc7 Ra6 55. Rg8+ Ke7 56. Rg7+ Ke8 57. Rg3 Ne5 58. Bc8
Ra4 59. Bf5 Rc4+ 60. Kd6 Nf7+ 61. Ke6 Ng5+ 62. Kxf6 Nxe4+ 63. Bxe4 Rxe4 64. Rd3
Kd7 65. Kg5 h4 66. Kf5 Re1 67. Rd4 Kd6 68. Kg5 Re8 69. Kxh4 Rh8+ 70. Kg3 Rg8+
71. Rg4 Ra8 72. Rg5 Ra4 73. h4 Rb4 74. h5 Rb1 75. Rf5 Ke7 76. Kf4 Rg1 77. Rg5
Rf1+ 78. Ke5 Re1+ 79. Kf5 Kf7 80. h6 Rf1+ 81. Ke5 Rh1 82. Rg7+ Kf8 83. Rg6 Ke7
84. d6+ 1-0

[Event "Campeonato de España Individual"]
[Site "Cala Major-Palma de Mallorca"]
[Date "2009.09.29"]
[Round "4.10"]
[White "Fernandez Siles, Luis"]
[Black "Recuero Guerra, David"]
[Result "1/2-1/2"]
[WhiteElo "2334"]
[BlackElo "2492"]
[PlyCount "84"]
[EventDate "2009.09.26"]

1. e4 e5 2. Nf3 d6 3. d4 exd4 4. Nxd4 Nf6 5. Nc3 Be7 6. g3 d5 7. e5 Ng4 8. Bg2
c6 9. f4 Nh6 10. O-O Nf5 11. Nxf5 Bxf5 12. g4 Bd7 13. f5 Na6 14. Qe2 Bc5+ 15.
Kh1 Qe7 16. Bf4 O-O-O 17. Rae1 h5 18. Na4 Bb4 19. c3 Ba5 20. e6 Be8 21. Qf2 d4
22. b4 Bc7 23. exf7 Qxf7 24. Bxc7 Qxc7 25. g5 b5 26. Nc5 Nxc5 27. bxc5 dxc3 28.
f6 Rf8 29. Re7 Bd7 30. Bh3 gxf6 31. gxf6 Kb8 32. f7 Qc8 33. Qf4+ Ka8 34. Rxd7
Rxd7 35. Qh6 Rfxf7 36. Rxf7 Rd1+ 37. Bf1 c2 38. Rf8 Qxf8 39. Qxf8+ Kb7 40. Qf7+
Ka6 41. Qf3 Kb7 42. Qf7+ Ka6 1/2-1/2

[Event "Campeonato de España Individual"]
[Site "Cala Major-Palma de Mallorca"]
[Date "2009.09.29"]
[Round "4.11"]
[White "Khamrakulov, Ibragim S"]
[Black "Ruiz Marana, Alejandro"]
[Result "1-0"]
[WhiteElo "2554"]
[BlackElo "2204"]
[PlyCount "107"]
[EventDate "2009.09.26"]

1. e4 e6 2. d4 d5 3. Nd2 c5 4. exd5 Qxd5 5. Ngf3 cxd4 6. Bc4 Qd6 7. O-O Nc6 8.
Nb3 Nf6 9. Nbxd4 Nxd4 10. Nxd4 a6 11. Bb3 Qc7 12. Qf3 Bd7 13. Bf4 Bd6 14. Bxd6
Qxd6 15. Qxb7 O-O 16. Rad1 Qc5 17. Qf3 e5 18. Nf5 e4 19. Nh6+ Kh8 20. Qf4 Be6
21. Bxe6 fxe6 22. Ng4 Qxc2 23. Nxf6 Rxf6 24. Qd2 Qc7 25. Qe2 Qe5 26. Qxa6 Rff8
27. Qe2 Rxa2 28. Rd2 Rb8 29. Rb1 h6 30. g3 Ra4 31. Qe3 Rab4 32. b3 Qb5 33. Rd6
Qe5 34. Rd7 Qb5 35. Rbd1 Qe5 36. Rd8+ Kh7 37. Rxb8 Qxb8 38. Rd7 Qe5 39. Kg2 Qf6
40. Kg1 Qa1+ 41. Kg2 Qf6 42. Rd6 Qe5 43. Rb6 Rxb6 44. Qxb6 Qd5 45. Qe3 Qb7 46.
Qc3 Qd5 47. Qc2 Qf5 48. b4 Qf3+ 49. Kg1 Kg8 50. Qd2 Qb3 51. Qd4 e5 52. Qxe4 Qc3
53. Kg2 Kf7 54. Qf3+ 1-0

[Event "Campeonato de España Individual"]
[Site "Cala Major-Palma de Mallorca"]
[Date "2009.09.29"]
[Round "4.12"]
[White "Oms Pallisse, Josep"]
[Black "Sabater Sanchez, Asensio"]
[Result "1/2-1/2"]
[WhiteElo "2498"]
[BlackElo "2211"]
[PlyCount "153"]
[EventDate "2009.09.26"]

1. d4 d5 2. c4 c6 3. Nf3 Nf6 4. e3 g6 5. Nc3 Bg7 6. Bd3 O-O 7. O-O a6 8. a4 a5
9. b3 Re8 10. Ba3 Bg4 11. h3 Bxf3 12. Qxf3 Na6 13. cxd5 Nxd5 14. Nxd5 cxd5 15.
Bb5 Rf8 16. Rac1 Nb4 17. Rc5 b6 18. Rc3 e6 19. Qe2 Rc8 20. Rxc8 Qxc8 21. Rc1
Qb7 22. Bxb4 axb4 23. Qd2 Rc8 24. Rxc8+ Qxc8 25. Qxb4 Bf8 26. Qd2 Bd6 27. g3
Qf8 28. Kg2 Bb4 29. Qc2 Qd6 30. h4 Kg7 31. Bd3 h5 32. Bb5 Ba3 33. Be2 Bb4 34.
Bf3 Ba3 35. Qd3 Bb4 36. Qb5 Bc3 37. g4 hxg4 38. Bxg4 Qe7 39. Kh3 Be1 40. Qe2
Bb4 41. Bf3 Qf6 42. h5 g5 43. Kg2 Qe7 44. Qb5 Qd6 45. Kf1 Ba5 46. Qe8 Qh2 47.
Qe7 Qh3+ 48. Ke2 Qf5 49. h6+ Kxh6 50. Qf8+ Kg6 51. b4 Qc2+ 52. Kf1 Qb1+ 53. Kg2
Bxb4 54. Qg8+ Kh6 55. Qxf7 Qg6 56. Qc7 Ba5 57. Qe5 g4 58. Be2 Qf5 59. Qh8+ Kg5
60. Qd8+ Qf6 61. Qg8+ Qg6 62. Qd8+ Qf6 63. Qd6 Qf5 64. Qg3 Qe4+ 65. Kg1 Qb1+
66. Kg2 Qe4+ 67. Kg1 Qb1+ 68. Bf1 Qe4 69. Be2 Qb1+ 70. Bf1 Qe4 71. f4+ Kf6 72.
Qh4+ Kf7 73. Qh5+ Ke7 74. Qg5+ Kf7 75. Qh5+ Ke7 76. Qg5+ Kf7 77. Qh5+ 1/2-1/2

[Event "Campeonato de España Individual"]
[Site "Cala Major-Palma de Mallorca"]
[Date "2009.09.29"]
[Round "4.13"]
[White "Jimenez De La Torre, Jose A"]
[Black "Cacho Reigadas, Sergio"]
[Result "0-1"]
[WhiteElo "2175"]
[BlackElo "2484"]
[PlyCount "90"]
[EventDate "2009.09.26"]

1. e4 e6 2. d4 c5 3. d5 exd5 4. exd5 d6 5. c4 Nf6 6. Nc3 Be7 7. Nf3 O-O 8. Bd3
Nbd7 9. O-O Ne8 10. Re1 g6 11. Bh6 Ng7 12. Qd2 Re8 13. Re2 Nf6 14. Rae1 Bg4 15.
Bg5 Bxf3 16. gxf3 a6 17. f4 Ngh5 18. f5 Qd7 19. f3 Bf8 20. Ne4 Bg7 21. Qc2 Nxe4
22. Bxe4 Kh8 23. fxg6 hxg6 24. Bxg6 Bd4+ 25. Kg2 fxg6 26. Re7 Rxe7 27. Rxe7 Qf5
28. Qxf5 gxf5 29. Re6 Be5 30. Kf2 Kg8 31. Rh6 Nf4 32. Ke3 Kg7 33. b3 Ng6 34.
Rh3 Re8 35. Bh6+ Kf7 36. Kf2 Rh8 37. Rh5 Ke8 38. h4 Nf4 39. Bxf4 Rxh5 40. Bg5
Rxg5 41. hxg5 Kf7 42. Ke3 f4+ 43. Ke4 Kg6 44. b4 b6 45. a4 a5 0-1

[Event "Campeonato de España Individual"]
[Site "Cala Major-Palma de Mallorca"]
[Date "2009.09.29"]
[Round "4.14"]
[White "Iñigo Muñoz, Javier"]
[Black "Del Rey, Diego"]
[Result "0-1"]
[WhiteElo "2167"]
[BlackElo "2419"]
[PlyCount "86"]
[EventDate "2009.09.26"]

1. c4 e5 2. Nc3 Nf6 3. g3 c6 4. Bg2 d5 5. cxd5 cxd5 6. d4 e4 7. Bg5 Bb4 8. Qb3
Bxc3+ 9. bxc3 Nbd7 10. c4 dxc4 11. Qxc4 h6 12. Bd2 O-O 13. e3 Nb6 14. Qb4 Be6
15. Ne2 Bc4 16. Qb2 Bxe2 17. Kxe2 Nc4 18. Qb4 b5 19. Rhc1 Rb8 20. Be1 Qd7 21.
Kf1 a5 22. Qb1 Qd5 23. Kg1 Rfc8 24. Bh3 Rc6 25. Qb3 Qh5 26. Bg2 a4 27. Qc2 Qd5
28. Bh3 Ne5 29. Qe2 Nf3+ 30. Kg2 Rc4 31. Rxc4 bxc4 32. Rc1 g5 33. Kh1 g4 34.
Bf1 Rc8 35. Bb4 Qh5 36. h3 gxh3 37. Rxc4 Rxc4 38. Qxc4 Ng4 39. Qc2 Qf5 40. Bd6
Nxd4 41. Bb4 Nf3 42. Qe2 Qb5 43. Qc2 Qf5 0-1

[Event "Campeonato de España Individual"]
[Site "Cala Major-Palma de Mallorca"]
[Date "2009.09.29"]
[Round "4.15"]
[White "Vassallo Barroche, Mauricio"]
[Black "Serra Olives, Tomas"]
[Result "1-0"]
[WhiteElo "2411"]
[BlackElo "2145"]
[PlyCount "111"]
[EventDate "2009.09.26"]

1. Nf3 Nf6 2. c4 c5 3. g3 b6 4. Bg2 Bb7 5. O-O e6 6. b3 Be7 7. Bb2 d6 8. Nc3 a6
9. e3 O-O 10. d4 cxd4 11. Nxd4 Bxg2 12. Kxg2 Qc7 13. f4 Nbd7 14. Qf3 Rfe8 15.
Rac1 Rac8 16. g4 g6 17. g5 Nh5 18. Rfd1 Bf8 19. Nde2 f5 20. Nd5 Qd8 21. Ng3
Nxg3 22. hxg3 Bg7 23. Bxg7 Kxg7 24. Nc3 Qc7 25. e4 Qc6 26. exf5 gxf5 27. Qxc6
Rxc6 28. Ne2 Nc5 29. Nd4 Rc7 30. Kf3 Rf7 31. Nc2 Ne4 32. Ne3 Kg6 33. Rh1 Nd2+
34. Ke2 Ne4 35. Rh6+ Kg7 36. Kf3 Nd2+ 37. Kg2 e5 38. Rch1 Kg8 39. g6 Rg7 40.
Rxh7 Rxh7 41. gxh7+ Kh8 42. Nxf5 exf4 43. gxf4 Re2+ 44. Kg3 Re6 45. Rh6 Rxh6
46. Nxh6 Ne4+ 47. Kf3 Nc3 48. a4 d5 49. cxd5 Nxd5 50. Ke4 Nf6+ 51. Ke5 Nd7+ 52.
Kd5 Nc5 53. a5 Kxh7 54. axb6 Nd7 55. b7 a5 56. Nf7 1-0

[Event "Campeonato de España Individual"]
[Site "Cala Major-Palma de Mallorca"]
[Date "2009.09.29"]
[Round "4.18"]
[White "Planas Gene, Juan"]
[Black "Vehi Bach, Victor Manuel"]
[Result "0-1"]
[WhiteElo "2130"]
[BlackElo "2381"]
[PlyCount "68"]
[EventDate "2009.09.26"]

1. d4 Nf6 2. c4 e6 3. Nc3 Bb4 4. e3 b6 5. Bd3 Bb7 6. Nf3 O-O 7. O-O d5 8. a3
Bd6 9. cxd5 exd5 10. Ne5 c5 11. f4 Nc6 12. Bb5 Ne7 13. g4 a6 14. Bd3 Ne4 15.
Qc2 cxd4 16. exd4 Rc8 17. Qg2 f6 18. Nxe4 dxe4 19. Bc4+ Bd5 20. Bxd5+ Nxd5 21.
Qxe4 Bb8 22. Nd3 Re8 23. Qf3 Rc4 24. Nb4 Nxf4 25. Nc6 Ne2+ 26. Qxe2 Rxe2 27.
Nxd8 Rxd4 28. h3 Rxd8 29. Bf4 Bxf4 30. Rxf4 Rdd2 31. Rc1 Rg2+ 32. Kf1 Rh2 33.
Kg1 Rdg2+ 34. Kf1 Rxb2 0-1

[Event "Campeonato de España Individual"]
[Site "Cala Major-Palma de Mallorca"]
[Date "2009.09.29"]
[Round "4.20"]
[White "Astasio Lopez, David"]
[Black "Diaz Rodriguez, Jose Antonio"]
[Result "1-0"]
[WhiteElo "2315"]
[BlackElo "2121"]
[PlyCount "77"]
[EventDate "2009.09.26"]

1. d4 Nf6 2. Nf3 d6 3. Nbd2 g6 4. e4 Bg7 5. Bc4 O-O 6. O-O Nxe4 7. Nxe4 d5 8.
Bd3 dxe4 9. Bxe4 Nd7 10. c3 Nf6 11. Bc2 b6 12. Qe2 Bb7 13. Re1 e6 14. Bg5 Qd6
15. Rad1 Rfe8 16. a3 a5 17. Ne5 Nd5 18. Ba4 f6 19. Nc4 Qe7 20. Bxe8 Rxe8 21.
Bd2 Qd7 22. Qg4 f5 23. Qg3 Qb5 24. Ne5 Qxb2 25. Nxg6 Qxa3 26. Nf4 Qd6 27. c4
Nf6 28. c5 Qc6 29. Bc3 Nd5 30. Nh5 Re7 31. Bd2 Kh8 32. Bg5 Rf7 33. Bf4 Nxf4 34.
Nxf4 Bh6 35. d5 exd5 36. Re6 Qa4 37. Rde1 Bg7 38. Re8+ Rf8 39. Ne6 1-0

[Event "Campeonato de España Individual"]
[Site "Cala Major-Palma de Mallorca"]
[Date "2009.09.29"]
[Round "4.21"]
[White "Fenollar Jorda, Manuel"]
[Black "Garcia Rodriguez, Victor"]
[Result "1-0"]
[WhiteElo "2311"]
[BlackElo "2086"]
[PlyCount "31"]
[EventDate "2009.09.26"]

1. e4 e5 2. d4 exd4 3. Qxd4 Nc6 4. Qe3 Bb4+ 5. Nc3 Nge7 6. Bd2 O-O 7. O-O-O f5
8. Bc4+ Kh8 9. e5 f4 10. Qe4 Ng6 11. Nf3 d6 12. e6 Nce5 13. Nxe5 Nxe5 14. Bxf4
Bxc3 15. bxc3 Nxc4 16. e7 1-0